| 000 | 00867nam a2200253 a 4500 | ||
|---|---|---|---|
| 005 | 20200104041603.0 | ||
| 008 | 140127b2007 ck ||||| |||| 00| 0 spa d | ||
| 020 | _a9789588343037 | ||
| 041 | _aspa | ||
| 044 | _ack | ||
| 082 | 0 | 4 |
_aIAVH-333.783 _bV72c |
| 090 |
_aIAVH _b00721 |
||
| 245 | _aCaracterización biológica del Parque Nacional Natural El Tuparro (Sector Noroeste), Vichada, Colombia | ||
| 260 |
_aBogotá _bInstituto Alexander von Humboldt _c2007 |
||
| 300 | _a291 p. | ||
| 650 | 4 |
_aParques nacionales _zVichada (Colombia) _925114 |
|
| 650 |
_aFlora tropical _925115 |
||
| 650 | 4 |
_aReservas forestales _zVichada (Colombia) _925116 |
|
| 651 | 4 |
_aParque Nacional Natural El Tuparro (Vichada, Colombia) _925117 |
|
| 700 |
_aVillarreal Leal, Héctor _95336 |
||
| 700 |
_aMaldonado Ocampo, Javier A. _9125 |
||
| 942 |
_cCD-ROM _2z _07 |
||
| 945 | _d2007-09-18 | ||
| 999 |
_c5823 _d5823 |
||